000
00255nam a22001217a 4500
005
20180718120640.0
008
171025b xxu||||| |||| 00| 0 eng d
041
_a
eng
082
_a
658.15
245
_a
FINACIAL MANAGEMENT
300
_a
344p.
942
_c
BK
999
_c
5625
_d
5623